000 00586nam a22002057a 4500
005 20260327153957.0
008 260327b |||||||| |||| 00| 0 eng d
020 _a9781685691110
_qhb
082 _a629.47
_bKEN
100 _aKennewell , John A.
245 _aSSA : orbital debris, space weather, and planetary defense
260 _aBoston
_bArtech House
_c2026
300 _axvi, 389p. ; 26cm.
653 _aEnvironnement spatial
653 _aSpace debris
653 _aSpace environment
653 _aSpace surveillance
653 _aHazard mitigation
942 _2ddc
_cBK
999 _c53136
_d53136